000 00285nam a22001337a 4500
008 260305b ||||| |||| 00| 0 eng d
020 _a9772336996005
041 _aeng
080 _a23.2
100 _a20.1
101 _ainf
245 _aInternational Conference
942 _2udc
_cBK
999 _c60876
_d60876